[Event "Cattolica op-A 8th"]
[Site "Cattolica"]
[Date "2021.06.03"]
[Round "9"]
[White "Iaccheo, Massimo"]
[Black "Puglia, Francesco"]
[Result "1-0"]
[WhiteElo "2018"]
[BlackElo "1946"]
[PlyCount "75"]
[EventDate "2021.05.27"]
[EventType "swiss"]
[EventRounds "9"]
[EventCountry "ITA"]
[SourceTitle "CBM 203 Extra"]
[Source "ChessBase"]
[SourceDate "2021.09.30"]
[SourceVersion "1"]
[SourceVersionDate "2021.09.30"]
[SourceQuality "1"]

1. d4 Nf6 2. c4 g6 3. Nc3 d5 4. cxd5 Nxd5 5. e4 Nxc3 6. bxc3 Bg7 7. Bc4 c5 8. Ne2 Nc6 9. Be3 cxd4 10. cxd4 Qa5+ 11. Qd2 Qxd2+ 12. Kxd2 0-0 13. Rhd1 Rd8 14. Ke1 Bd7 15. Rab1 Rac8 16. Rdc1 Na5 17. Bd3 Rxc1+ 18. Rxc1 Bc8 19. d5 b6 20. Rc7 Nb7 21. Rxe7 Bd7 22. Bb5 Nc5 23. Bxc5 Bxb5 24. Bd4 Bd7 25. Bxg7 Kxg7 26. Nd4 Kf8 27. d6 a6 28. f4 h5 29. e5 a5 30. a3 Kg8 31. Kd2 Kf8 32. Nf3 b5 33. Ng5 Be8 34. Rc7 Bd7 35. Ra7 a4 36. Rc7 Ke8 37. Nh7 Be6 38. Re7# 1-0

[Event "Cattolica op-A 8th"]
[Site "Cattolica"]
[Date "2021.05.31"]
[Round "5"]
[White "Puglia, Francesco"]
[Black "Bifulco, Michel"]
[Result "0-1"]
[WhiteElo "1946"]
[BlackElo "2232"]
[PlyCount "44"]
[EventDate "2021.05.27"]
[EventType "swiss"]
[EventRounds "9"]
[EventCountry "ITA"]
[SourceTitle "CBM 203 Extra"]
[Source "ChessBase"]
[SourceDate "2021.09.30"]
[SourceVersion "1"]
[SourceVersionDate "2021.09.30"]
[SourceQuality "1"]

1. e4 c5 2. Nc3 Nc6 3. Nge2 d6 4. g3 g6 5. Bg2 Bg7 6. d3 Rb8 7. 0-0 b5 8. f4 Nd4 9. f5 Nf6 10. Nxd4 cxd4 11. Ne2 Qb6 12. h3 gxf5 13. exf5 h5 14. Bg5 Qc5 15. Nf4 Qxf5 16. Bxf6 Qxf6 17. Bd5 Qg5 18. Bxf7+ Kxf7 19. Qf3 Ke8 20. Rae1 Bb7 21. Qf2 Be5 22. h4 Qg4 0-1

[Event "Anti Cheating Blitz Cup"]
[Site "Chess.com INT"]
[Date "2020.05.20"]
[Round "9"]
[White "Carbone, Stefano"]
[Black "Puglia, Francesco"]
[Result "0-1"]
[WhiteElo "2091"]
[BlackElo "1959"]
[PlyCount "158"]
[EventDate "2020.05.20"]
[EventType "swiss (blitz)"]
[EventRounds "11"]
[EventCountry "USA"]
[SourceTitle "CBM 196 Extra"]
[Source "ChessBase"]
[SourceDate "2020.07.31"]
[SourceVersion "1"]
[SourceVersionDate "2020.07.31"]
[SourceQuality "1"]

1. Nf3 c5 2. c4 Nc6 3. g3 g6 4. Bg2 Bg7 5. Nc3 e6 6. 0-0 Nge7 7. a3 d6 8. Rb1 b6 9. b4 Bb7 10. Qc2 Qd7 11. e3 0-0 12. Rd1 Rad8 13. d4 cxd4 14. exd4 d5 15. c5 Rc8 16. b5 Na5 17. c6 Nexc6 18. bxc6 Qxc6 19. Bd2 Nc4 20. Be1 Nxa3 21. Qb3 Nxb1 22. Rxb1 Ba6 23. Ra1 Bc4 24. Qa3 a5 25. Ne5 Bxe5 26. dxe5 Ra8 27. Nd1 Qc5 28. Qf3 b5 29. Bd2 Qd4 30. Bh6 Qxe5 31. Qc3 Qxc3 32. Nxc3 Rfd8 33. Bg5 Rd7 34. Bf6 b4 35. Na4 Bb5 36. Nb6 Rda7 37. Nxa8 Rxa8 38. Be7 Bc4 39. Bxb4 a4 40. Bf1 Bxf1 41. Kxf1 a3 42. Rxa3 Rxa3 43. Bxa3 f6 44. Ke2 e5 45. Ke3 Kf7 46. h4 Ke6 47. Bf8 f5 48. Bg7 d4+ 49. Kd3 Kd5 50. Kd2 e4 51. Bf6 h6 52. Bg7 h5 53. Bh6 Ke5 54. Bf4+ Kd5 55. Kc2 Kc4 56. Be5 d3+ 57. Kd2 Kb3 58. Bf4 Kc4 59. Bh6 Kb3 60. Bg7 Kc4 61. Bb2 Kb3 62. Bc1 Ka2 63. Ke3 Kb1 64. Bd2 Kc2 65. Ba5 Kb3 66. Kf4 Kc2 67. Kg5 d2 68. Bxd2 Kxd2 69. Kxg6 Ke2 70. Kxh5 Kxf2 71. Kg5 e3 72. h5 e2 73. h6 e1Q 74. h7 Qe8 75. h8Q Qxh8 76. Kxf5 Qg7 77. Ke6 Qxg3 78. Kd5 Qe3 79. Kc4 Qd2 0-1

[Event "Anti Cheating Blitz Cup"]
[Site "Chess.com INT"]
[Date "2020.05.20"]
[Round "1"]
[White "Puglia, Francesco"]
[Black "Baskin, Robert"]
[Result "0-1"]
[WhiteElo "1959"]
[BlackElo "2390"]
[PlyCount "50"]
[EventDate "2020.05.20"]
[EventType "swiss (blitz)"]
[EventRounds "11"]
[EventCountry "USA"]
[SourceTitle "CBM 196 Extra"]
[Source "ChessBase"]
[SourceDate "2020.07.31"]
[SourceVersion "1"]
[SourceVersionDate "2020.07.31"]
[SourceQuality "1"]

1. e4 c5 2. Nc3 Nc6 3. Bb5 Nd4 4. Bc4 a6 5. Nge2 b5 6. Bd5 Rb8 7. d3 e6 8. Bb3 Nxb3 9. axb3 d6 10. 0-0 Nf6 11. f4 Be7 12. f5 0-0 13. Ng3 b4 14. Na4 e5 15. Bd2 Bb7 16. Qf3 d5 17. Rae1 dxe4 18. Nxe4 Nxe4 19. Rxe4 Bxe4 20. Qxe4 Qd4+ 21. Be3 Qxe4 22. dxe4 Rfd8 23. Kf2 h6 24. Ke2 Kf8 25. Nxc5 Rbc8 0-1

[Event "Anti Cheating Blitz Cup"]
[Site "Chess.com INT"]
[Date "2020.05.20"]
[Round "8"]
[White "Puglia, Francesco"]
[Black "Masera, Lorenzo"]
[Result "0-1"]
[WhiteElo "1959"]
[BlackElo "1761"]
[PlyCount "84"]
[EventDate "2020.05.20"]
[EventType "swiss (blitz)"]
[EventRounds "11"]
[EventCountry "USA"]
[SourceTitle "CBM 196 Extra"]
[Source "ChessBase"]
[SourceDate "2020.07.31"]
[SourceVersion "1"]
[SourceVersionDate "2020.07.31"]
[SourceQuality "1"]

1. e4 d5 2. exd5 Qxd5 3. Nc3 Qa5 4. g3 Nf6 5. Bg2 c6 6. Nge2 Bf5 7. 0-0 e6 8. d3 Bd6 9. Rb1 Qc7 10. b4 0-0 11. b5 Nd5 12. a4 Nd7 13. Bd2 N7f6 14. bxc6 bxc6 15. Nd4 Bg6 16. Ne4 Be5 17. Ne2 Rab8 18. c4 Nxe4 19. dxe4 Nf6 20. f4 Bd4+ 21. Nxd4 Bxe4 22. Bxe4 Nxe4 23. Rxb8 Rxb8 24. Be1 Rd8 25. Qa1 Qb6 26. c5 Qxc5 27. Bf2 Nxf2 28. Rxf2 Qxd4 29. Qb1 Qd1+ 30. Qxd1 Rxd1+ 31. Kg2 h6 32. Rc2 Rd4 33. Rxc6 Rxa4 34. Rc8+ Kh7 35. Rc7 f6 36. Kf3 a6 37. Ra7 h5 38. g4 hxg4+ 39. Kxg4 Kh6 40. Ra8 Kg6 41. Rh8 Ra3 42. h4 f5# 0-1

[Event "Figueira da Foz op 12th"]
[Site "Figueira da Foz"]
[Date "2018.11.04"]
[Round "9"]
[White "Lopez de Turiso, Jose Angel"]
[Black "Puglia, Francesco"]
[Result "1/2-1/2"]
[WhiteElo "1933"]
[BlackElo "1803"]
[PlyCount "89"]
[EventDate "2018.10.28"]
[EventType "swiss"]
[EventRounds "9"]
[EventCountry "POR"]
[SourceTitle "CBM 187 Extra"]
[Source "ChessBase"]
[SourceDate "2018.11.04"]
[SourceVersion "1"]
[SourceVersionDate "2018.11.04"]
[SourceQuality "1"]

1. e4 c5 2. c3 Nf6 3. e5 Nd5 4. d4 cxd4 5. Nf3 d6 6. Bc4 dxe5 7. Nxe5 e6 8. Qxd4 Be7 9. Nd2 0-0 10. 0-0 Nc6 11. Nxc6 bxc6 12. Nf3 Qb6 13. Qe4 Bb7 14. Bg5 c5 15. Qh4 Bxg5 16. Nxg5 Nf6 17. Rfe1 Qxb2 18. Rab1 Qxc3 19. Rec1 Qd2 20. Rd1 Qa5 21. Rxb7 Rae8 22. h3 Qa4 23. Rdd7 h6 24. Rxf7 Qd1+ 25. Kh2 Qd6+ 26. g3 Rxf7 27. Nxf7 Qc6 28. Rb1 Qf3 29. Rf1 Kxf7 30. Bb3 Nd5 31. Qc4 Qc3 32. Qe4 Qd4 33. Bxd5 exd5 34. Qf5+ Kg8 35. h4 Rf8 36. Qe6+ Kh8 37. Kg2 Qe4+ 38. Qxe4 dxe4 39. Rc1 Rf5 40. Rc4 Re5 41. Ra4 Re7 42. Rc4 e3 43. fxe3 Rxe3 44. Ra4 Re7 45. Kf3 1/2-1/2

[Event "Figueira da Foz op 12th"]
[Site "Figueira da Foz"]
[Date "2018.11.03"]
[Round "8"]
[White "Puglia, Francesco"]
[Black "Fernandes, Miguel A Murtinho"]
[Result "0-1"]
[WhiteElo "1803"]
[BlackElo "2048"]
[PlyCount "84"]
[EventDate "2018.10.28"]
[EventType "swiss"]
[EventRounds "9"]
[EventCountry "POR"]
[SourceTitle "CBM 187 Extra"]
[Source "ChessBase"]
[SourceDate "2018.11.04"]
[SourceVersion "1"]
[SourceVersionDate "2018.11.04"]
[SourceQuality "1"]

1. Nf3 d5 2. g3 Nf6 3. Bg2 e6 4. 0-0 Be7 5. d3 0-0 6. Nbd2 c5 7. b3 Nc6 8. Bb2 Qc7 9. e4 Rb8 10. exd5 exd5 11. Re1 Bg4 12. h3 Bh5 13. g4 Bg6 14. Nh4 Rfe8 15. Nxg6 hxg6 16. Nf3 d4 17. Nd2 Bd6 18. Rxe8+ Rxe8 19. a4 Bh2+ 20. Kh1 Bf4 21. Nc4 g5 22. Bc1 Bxc1 23. Rxc1 Qf4 24. Qd2 Qxd2 25. Nxd2 Re2 26. Nc4 Rxf2 27. Nd6 Nd8 28. Nxb7 Nxb7 29. Bxb7 Re2 30. Kg1 Kf8 31. Kf1 Re3 32. Bg2 Ke7 33. Re1 Rxe1+ 34. Kxe1 Kd6 35. Kd2 Ke5 36. c3 a5 37. cxd4+ Kxd4 38. Bc6 Nd5 39. Bxd5 Kxd5 40. Ke3 g6 41. Ke2 Kd4 42. Kd2 f5 0-1

[Event "Barbera del Valles op 41st"]
[Site "Barbera del Valles"]
[Date "2018.07.08"]
[Round "5"]
[White "Bernat, Ernest"]
[Black "Puglia, Francesco"]
[Result "1-0"]
[WhiteElo "1880"]
[BlackElo "1865"]
[PlyCount "57"]
[EventDate "2018.07.04"]
[EventType "swiss"]
[EventRounds "9"]
[EventCountry "ESP"]
[SourceTitle "CBM 185 Extra"]
[Source "ChessBase"]
[SourceDate "2018.07.29"]
[SourceVersion "1"]
[SourceVersionDate "2018.07.29"]
[SourceQuality "1"]

1. e4 c5 2. Nf3 d6 3. d4 cxd4 4. Nxd4 Nf6 5. Nc3 a6 6. Be2 e5 7. Nb3 Be6 8. 0-0 Be7 9. Be3 Nbd7 10. Qd2 0-0 11. f3 b5 12. a3 Qc7 13. g4 Nb6 14. g5 Nh5 15. Bd3 Nc4 16. Bxc4 bxc4 17. Nc1 Nf4 18. N1e2 Bxg5 19. Nxf4 exf4 20. Bd4 f5 21. exf5 Bxf5 22. Kh1 Qc6 23. Qf2 Rae8 24. Rg1 Bf6 25. Rad1 Re6 26. Bxf6 Rfxf6 27. Nd5 Rg6 28. Rxg6 Rxg6 29. Ne7+ 1-0

[Event "Reykjavik op"]
[Site "Reykjavik"]
[Date "2018.03.10"]
[Round "5"]
[White "Puglia, Francesco"]
[Black "Huber Delle, Guenther"]
[Result "1/2-1/2"]
[WhiteElo "1878"]
[BlackElo "1665"]
[PlyCount "72"]
[EventDate "2018.03.06"]
[EventType "swiss"]
[EventRounds "9"]
[EventCountry "ISL"]
[SourceTitle "CBM 183 Extra"]
[Source "ChessBase"]
[SourceDate "2018.04.19"]
[SourceVersion "1"]
[SourceVersionDate "2018.04.19"]
[SourceQuality "1"]

1. e4 e6 2. d4 d5 3. Nc3 Bb4 4. e5 c5 5. a3 Ba5 6. b4 cxd4 7. Nb5 Bc7 8. Nf3 Nc6 9. Bd3 Nxe5 10. Nxe5 Bxe5 11. Nxd4 Bd7 12. Be3 Ne7 13. 0-0 Nc6 14. Nxc6 bxc6 15. Rb1 Bd6 16. Qg4 Bf8 17. Rfe1 e5 18. Qg3 e4 19. f3 f5 20. fxe4 fxe4 21. Bd4 Qe7 22. Re3 Qd6 23. Qh4 Be7 24. Qe1 Bf6 25. Rg3 Qf4 26. Bxf6 Qxf6 27. Qe3 0-0 28. Be2 d4 29. Qxe4 Rae8 30. Bc4+ Kh8 31. Qf3 Qe5 32. Qd3 Bf5 33. Qd2 Bxc2 34. Rc1 d3 35. Bxd3 Qd4+ 36. Kh1 Rf2 1/2-1/2

[Event "Treviso op-B 1st"]
[Site "Treviso"]
[Date "2017.03.19"]
[Round "5.9"]
[White "Rosina, Graziano"]
[Black "Puglia, Francesco"]
[Result "1/2-1/2"]
[WhiteElo "1797"]
[BlackElo "1818"]
[PlyCount "68"]
[EventDate "2017.03.17"]
[EventType "swiss"]
[EventRounds "5"]
[EventCountry "ITA"]
[SourceTitle "EXT 2024"]
[Source "ChessBase"]
[SourceDate "2023.10.10"]
[SourceVersion "1"]
[SourceVersionDate "2023.10.10"]
[SourceQuality "1"]

1. Nf3 g6 2. d4 Nf6 3. Nc3 d5 4. Bf4 Bg7 5. e3 0-0 6. Bd3 b6 7. Nb5 Ne8 8. 0-0 a6 9. Na3 c5 10. c3 Bf5 11. Bxf5 gxf5 12. Ng5 h6 13. Nh3 e6 14. Qf3 c4 15. b3 b5 16. bxc4 bxc4 17. Nxc4 Nd7 18. Nd2 Qa5 19. Rfc1 Rc8 20. Nb3 Qa3 21. Rc2 Kh7 22. Rac1 Nef6 23. Qe2 Nb6 24. f3 Nc4 25. Nf2 Rc6 26. Nc5 Rxc5 27. dxc5 Qxc5 28. Nd3 Qa7 29. Ne5 Nh5 30. Nc6 Qc5 31. Nd4 Nxf4 32. exf4 Bxd4+ 33. cxd4 Qxd4+ 34. Kh1 Qxf4 1/2-1/2

[Event "Panevezys op-B 28th"]
[Site "Panevezys"]
[Date "2015.08.21"]
[Round "7"]
[White "Puglia, Francesco"]
[Black "Meskenaite, Rugile"]
[Result "0-1"]
[WhiteElo "1551"]
[BlackElo "1606"]
[PlyCount "72"]
[EventDate "2015.08.17"]
[EventType "swiss"]
[EventRounds "9"]
[EventCountry "LTU"]
[SourceTitle "EXT 2016"]
[Source "ChessBase"]
[SourceDate "2015.10.08"]
[SourceVersion "1"]
[SourceVersionDate "2015.10.08"]
[SourceQuality "1"]

1. e4 e5 2. Nf3 Nc6 3. Bc4 Be7 4. d4 exd4 5. 0-0 Nf6 6. e5 Ne4 7. Re1 d5 8. exd6 Nxd6 9. Bd3 Bg4 10. Bg5 f6 11. Bf4 0-0 12. c3 Kh8 13. h3 Bh5 14. g4 Be8 15. cxd4 Nb4 16. Bf1 Bc6 17. Bg2 Nd5 18. Bg3 f5 19. Ne5 f4 20. Nxc6 bxc6 21. Bh2 Rb8 22. Qe2 Bf6 23. Nc3 Bxd4 24. Qd2 Bxc3 25. bxc3 f3 26. Bh1 Qh4 27. c4 Nxc4 28. Qd3 Nb2 29. Qf1 Nc3 30. Rac1 Ne2+ 31. Rxe2 fxe2 32. Qxe2 Qxh3 33. Rxc6 Nd3 34. Bg2 Rb1+ 35. Bf1 Nxf2 36. Rxc7 Qxg4+ 0-1

[Event "Panevezys op-B 28th"]
[Site "Panevezys"]
[Date "2015.08.18"]
[Round "3"]
[White "Puglia, Francesco"]
[Black "Liandzbergas, Mykolas"]
[Result "1-0"]
[WhiteElo "1551"]
[BlackElo "1300"]
[PlyCount "29"]
[EventDate "2015.08.17"]
[EventType "swiss"]
[EventRounds "9"]
[EventCountry "LTU"]
[SourceTitle "EXT 2016"]
[Source "ChessBase"]
[SourceDate "2015.10.08"]
[SourceVersion "1"]
[SourceVersionDate "2015.10.08"]
[SourceQuality "1"]

1. e4 e5 2. Nf3 Nc6 3. Bc4 Nf6 4. d4 d6 5. Ng5 d5 6. exd5 Na5 7. Bd3 Qxd5 8. 0-0 h6 9. dxe5 Nd7 10. Qh5 Nxe5 11. Nxf7 Qxf7 12. Qxe5+ Qe7 13. Qxa5 b6 14. Qc3 Be6 15. Qc6+ 1-0